YouTube - Concept / Youtubeur - Statistiques

Statistiques générales
  • Ce quiz a été pris 6 817 fois
  • Le résultat moyen est 11 sur 20
Statistiques - réponses
Concept Chaîne YouTube % Correct
Qui est l'Imposteur ? Squeezie
95%
On accoste des gens en voiture Mastu
90%
Trouve le Gâteau Joyca
82%
100 Couches Challenge Amixem
79%
Les Pubs VS La Vie Cyprien
78%
Rap VS Réalité Mister V
74%
Le Pire Stagiaire Greg Guillotin
72%
SIP & GOSSIP Maghla
67%
Le Jeu de la Confiance Michou
67%
Construction LEGO en 24h Amixem
66%
Popcorn Domingo
63%
Masterkill Gotaga
50%
Youtube Warrior Mcfly & Carlito
46%
Que sont-ils devenus ? SEB
42%
Ouéskilé Squeezie
36%
"... en Roue Libre" Zack Nani
26%
L'interview face cachée Hugo Décrypte
23%
Le Bureau des Plaintes Golden Moustache
20%
24h Enfermé Ibra TV
20%
La Notice Le Woop
20%
Aucun quiz correspondant
Distribution des résultats
% des personnes avec chaque résultat
Percentile par nombre de réponses
Votre historique - résultats
Vous n’avez pas pris ce quiz